WBC2026 侍ジャパン メンバー - Statistics

General Stats
  • This quiz has been taken 96 times
    54 since last reset
  • The average score is 30 of 33
Answer Stats
Hint 背番号 Answer % Correct
投手 1 パドレス 松井裕樹 ※辞退
98%
投手 18 ドジャース 山本由伸
98%
内野手 7 阪神 佐藤輝明
98%
内野手 25 ブルージェイズ 岡本和真
98%
内野手 55 ホワイトソックス 村上宗隆
98%
外野手 20 ソフトバンク 周東佑京
98%
外野手 34 レッドソックス 吉田正尚
98%
外野手 51 カブス ⠀鈴木誠也⠀
98%
指名打者 16 ドジャース 大谷翔平
98%
内野手 2 DeNA 牧秀悟 ㅤㅤㅤ
96%
投手 17 エンゼルス 菊池雄星
93%
捕手 12 阪神 坂本誠志郎
93%
内野手 3 広島 小園海斗
93%
内野手 5 ソフトバンク 牧原大成
93%
内野手 6 西武 源田壮亮
93%
外野手 8 ソフトバンク 近藤健介
93%
外野手 23 阪神 森下翔太
93%
投手 13 オリックス 宮城大弥
91%
投手 14 日本ハム 伊藤大海
91%
投手 15 巨人 大勢
91%
捕手 4 オリックス 若月健矢
91%
投手 26 ロッテ 種市篤暉
89%
投手 28 中日 髙橋宏斗
89%
捕手 27 ヤクルト 中村悠平
89%
投手 19 ⠀⠀ロッキーズ⠀⠀ 菅野智之
87%
投手 22 西武 隅田知一郎 ※追加
87%
投手 61 西武 平良海馬 ※辞退
87%
投手 69 阪神 石井大智 ※辞退
85%
投手 24 中日 金丸夢斗 ※追加
80%
投手 66 ソフトバンク 松本裕樹
80%
投手 46 楽天 藤平尚真 ※追加
78%
投手 47 オリックス 曽谷龍平
78%
投手 57 日本ハム 北山亘基
78%
No matching quizzes found
Score Distribution
Percent of People with Each Score
Percentile by Number Answered
Your Score History
You have not taken this quiz since the last reset